[Event "Politiken Cup 2011"]
[Site "Helsingor"]
[Date "2011.08.04"]
[Round "7.74"]
[White "Hansen, Rolf Stig"]
[Black "Skovle, Lars"]
[Result "1-0"]
[WhiteElo "1918"]
[BlackElo "1656"]
[PlyCount "63"]
[EventDate "2011.??.??"]
[WhiteTeam "AS04"]
[BlackTeam "Helsinge"]

1. d4 f5 2. Nc3 Nf6 3. e4 fxe4 4. Bg5 d6 5. Bxf6 exf6 6. Nxe4 Bf5 7. Qf3 Bxe4
8. Qxe4+ Qe7 9. Bd3 d5 10. Qe2 Nc6 11. c3 O-O-O 12. O-O-O g6 13. Qc2 Bh6+ 14.
Kb1 Qd6 15. Nf3 a6 16. Rhe1 Rhe8 17. g3 Re7 18. Rxe7 Nxe7 19. Nd2 c5 20. dxc5
Qxc5 21. Nb3 Qd6 22. Re1 Kb8 23. Nd4 Bg7 24. Re6 Qc7 25. Bxa6 bxa6 26. Rxe7
Qxe7 27. Nc6+ Kc7 28. Nxe7 Rd7 29. Qe2 Kd6 30. Nc8+ Kc7 31. Qxa6 f5 32. Nb6 1-0

[Event "Politiken Cup 2011"]
[Site "Helsingor"]
[Date "2011.08.04"]
[Round "7.108"]
[White "Svane, Frederik"]
[Black "Pedersen, Lars Foldager"]
[Result "0-1"]
[WhiteElo "1699"]
[BlackElo "1916"]
[PlyCount "82"]
[EventDate "2011.??.??"]
[WhiteTeam "Lübecker Schackverein"]
[BlackTeam "Frederiksberg"]

1. e4 Nf6 2. e5 Nd5 3. c4 Nb6 4. d4 d6 5. f4 dxe5 6. fxe5 Nc6 7. Nf3 Bf5 8. Be3
e6 9. Nc3 Nb4 10. Rc1 c5 11. d5 exd5 12. cxd5 N4xd5 13. Nxd5 Qxd5 14. Qxd5 Nxd5
15. Bb5+ Bd7 16. Bxd7+ Kxd7 17. Rd1 Kc6 18. Bd2 Be7 19. O-O h6 20. Rc1 Kd7 21.
Rfd1 Ke6 22. Bc3 Rhd8 23. Bd2 Rd7 24. Kf2 Rad8 25. Ke2 b6 26. g4 f6 27. exf6
Bxf6 28. Re1 Bxb2 29. Rc2 Bf6 30. Kd3+ Kf7 31. Kc4 Kg8 32. g5 hxg5 33. Nxg5 a6
34. a4 Ne7 35. Be3 Nf5 36. Ne6 Nxe3+ 37. Rxe3 Rd2 38. Rxd2 Rxd2 39. a5 Bd4 40.
Rf3 b5+ 41. Kb3 Rb2+ 0-1

[Event "Politiken Cup 2011"]
[Site "Helsingor"]
[Date "2011.08.04"]
[Round "7.121"]
[White "Hansen, Verner"]
[Black "Bratteteig, Tore-Inge"]
[Result "1-0"]
[WhiteElo "1915"]
[BlackElo "1671"]
[PlyCount "55"]
[EventDate "2011.??.??"]
[WhiteTeam "Espergærde"]
[BlackTeam "Masfjorden"]

1. e4 e6 2. d4 d5 3. Nd2 Nf6 4. e5 Nfd7 5. f4 c5 6. c3 Nc6 7. Ngf3 Qb6 8. Nb3
a5 9. Be3 c4 10. Nbd2 Qxb2 11. Rc1 Qb6 12. Be2 Qa6 13. g4 b5 14. f5 b4 15. fxe6
fxe6 16. Ng5 Nb6 17. O-O Nd8 18. Rf2 bxc3 19. Rxc3 h6 20. Nh3 Be7 21. g5 Qa7
22. Bh5+ Kd7 23. g6 Rf8 24. Rxf8 Bxf8 25. Qf3 Ke7 26. Bxh6 gxh6 27. Qf6+ Kd7
28. Qxf8 1-0

[Event "Politiken Cup 2011"]
[Site "Helsingor"]
[Date "2011.08.04"]
[Round "7.112"]
[White "Simonsen, Per"]
[Black "Nordin, Eric"]
[Result "0-1"]
[WhiteElo "1912"]
[BlackElo "1876"]
[PlyCount "80"]
[EventDate "2011.??.??"]
[BlackTeam "Helsingborgs SS"]

1. d4 d6 2. c4 g6 3. Nc3 Bg7 4. e4 Nd7 5. f3 e5 6. Nge2 Ne7 7. Be3 O-O 8. Qd2
exd4 9. Nxd4 c6 10. Bh6 Re8 11. Bxg7 Kxg7 12. O-O-O Nb6 13. Be2 d5 14. Nc2 Be6
15. Qf4 Qb8 16. Qxb8 Raxb8 17. c5 Na8 18. Nd4 Rbd8 19. e5 Nc7 20. a3 h5 21. f4
Nf5 22. Bf3 Nxd4 23. Rxd4 Bf5 24. Rb4 Rb8 25. h3 Na6 26. Rd4 Nxc5 27. Kd1 b5
28. Rd2 h4 29. Rg1 Ne6 30. Ne2 a5 31. g4 hxg3 32. Nxg3 Bxh3 33. Nh5+ Kf8 34.
Nf6 Red8 35. Rh1 Bf5 36. Rh4 Ke7 37. Rdh2 Nd4 38. Bg2 Ke6 39. Kd2 Be4 40. Ke3
Nf5+ 0-1

[Event "Politiken Cup 2011"]
[Site "Helsingor"]
[Date "2011.08.04"]
[Round "7.109"]
[White "Nielsen, Preben"]
[Black "Jorgensen, Morten"]
[Result "1-0"]
[WhiteElo "1904"]
[BlackElo "1727"]
[PlyCount "87"]
[EventDate "2011.??.??"]
[WhiteTeam "Helsingør"]
[BlackTeam "Tårnby"]

1. e4 c5 2. Nc3 d6 3. f4 Nc6 4. Nf3 e6 5. d3 Be7 6. Be2 a6 7. O-O Qc7 8. Qe1
Nf6 9. Bd1 b5 10. Nb1 O-O 11. c3 Qb6 12. Kh1 Rd8 13. Na3 Bb7 14. Nc2 Qc7 15.
Ng5 h6 16. Nh3 Bf8 17. Qg3 Kh7 18. Ne3 b4 19. f5 Ne5 20. fxe6 fxe6 21. Nf4 Qd7
22. Qh3 Nxd3 23. Nxd3 bxc3 24. bxc3 Bxe4 25. Nf4 e5 26. Ne6 Bb7 27. Qf5+ Kh8
28. Nxd8 Qxf5 29. Rxf5 Rxd8 30. Bc2 e4 31. Rb1 Ba8 32. Rb6 a5 33. Bb3 d5 34.
Rbxf6 gxf6 35. Bxd5 Bxd5 36. Rxd5 Rb8 37. Rd1 Rb1 38. Ba3 Rb8 39. g4 Kg7 40.
Kg2 Kg6 41. Rd2 h5 42. gxh5+ Kxh5 43. Rd5+ Kg6 44. Nf5 1-0

[Event "Politiken Cup 2011"]
[Site "Helsingor"]
[Date "2011.08.04"]
[Round "7.124"]
[White "Hinrichs, Lars"]
[Black "Bremer, Erik"]
[Result "1-0"]
[WhiteElo "1894"]
[BlackElo "1578"]
[PlyCount "47"]
[EventDate "2011.??.??"]
[WhiteTeam "Hamburger Schachklub"]
[BlackTeam "Blindes Skakklub"]

1. e4 e6 2. d4 d5 3. Nd2 Nf6 4. e5 Nfd7 5. f4 c5 6. c3 Nc6 7. Ndf3 Qb6 8. Ne2
cxd4 9. cxd4 f6 10. Nc3 Be7 11. Bb5 O-O 12. O-O fxe5 13. Bxc6 bxc6 14. fxe5 Ba6
15. Re1 c5 16. Kh1 Bb7 17. Rb1 Qd8 18. Be3 c4 19. Rf1 Qc7 20. Qe1 Nb8 21. Qg3
Nc6 22. Bh6 Bd8 23. Nb5 Nb4 24. Nxc7 1-0

[Event "Politiken Cup 2011"]
[Site "Helsingor"]
[Date "2011.08.04"]
[Round "7.75"]
[White "Jacobsen, Per"]
[Black "Nielsen, Kai Gylling"]
[Result "0-1"]
[WhiteElo "1670"]
[BlackElo "1890"]
[PlyCount "163"]
[EventDate "2011.??.??"]
[WhiteTeam "Ålborg"]
[BlackTeam "Roskilde"]

1. b3 c5 2. Bb2 Nc6 3. Nf3 Nf6 4. e3 d6 5. Be2 Qc7 6. d4 cxd4 7. Nxd4 a6 8. O-O
e5 9. Nxc6 bxc6 10. Nd2 Be7 11. Rc1 O-O 12. c4 c5 13. Bf3 Rb8 14. Qc2 a5 15.
Rfd1 Bb7 16. Bxb7 Qxb7 17. Nf1 Ne4 18. Rd5 f5 19. Rcd1 a4 20. Bxe5 axb3 21.
axb3 Rfd8 22. Bf4 Qxb3 23. Qxb3 Rxb3 24. Rxf5 g6 25. Rfd5 Nc3 26. R5d3 Ne2+ 27.
Kh1 Rxd3 28. Rxd3 Nxf4 29. exf4 Rb8 30. g3 Rb1 31. Kg2 Rc1 32. Ne3 Kf7 33. Kf3
Ke6 34. Rd2 Bf6 35. Re2 Rc3 36. Kg2 Kf7 37. f5 g5 38. g4 Bd4 39. Rc2 Rd3 40.
Nd5 Be5 41. Re2 Rd4 42. Ne3 Bf4 43. Nd5 Be5 44. Ne3 h5 45. gxh5 Rh4 46. h3 Rxh5
47. Ng4 Bf4 48. Re6 Rh8 49. Nh6+ Kf8 50. Ng4 Rh7 51. Ne3 Rf7 52. f6 Be5 53. Nd5
Kg8 54. Kf3 Kh7 55. Kg4 Kg6 56. Ne7+ Kh6 57. Kf5 Bf4 58. Nc6 Rf8 59. f7+ Kg7
60. Nd8 d5 61. Rg6+ Kh7 62. Rc6 Rxd8 63. Rxc5 Kg7 64. Ke6 dxc4 65. Rxc4 Rd6+
66. Ke7 Rf6 67. Kd8 Rxf7 68. Rd4 Kg6 69. Re4 Kh5 70. Ke8 Ra7 71. Kf8 Kh4 72. f3
Kxh3 73. Ke8 Kg3 74. Rb4 Kxf3 75. Rb3+ Be3 76. Rc3 g4 77. Rc6 Rg7 78. Kf8 Rg5
79. Rf6+ Bf4 80. Ke7 g3 81. Ke6 g2 82. Rh6 0-1

[Event "Politiken Cup 2011"]
[Site "Helsingor"]
[Date "2011.08.04"]
[Round "7.110"]
[White "Rasmussen, Morten"]
[Black "Larsen, Henrik Falk"]
[Result "1/2-1/2"]
[WhiteElo "1889"]
[BlackElo "1619"]
[PlyCount "70"]
[EventDate "2011.??.??"]
[WhiteTeam "Enkeltmedlem"]
[BlackTeam "Enkeltmedlem"]

1. d4 d5 2. Nf3 e6 3. e3 Nf6 4. Bd3 c5 5. c3 Nc6 6. Nbd2 a6 7. O-O b5 8. Qe2 c4
9. Bc2 Bd6 10. e4 dxe4 11. Nxe4 h6 12. Bd2 Bb7 13. Rfe1 O-O 14. Nxf6+ Qxf6 15.
Ne5 Rad8 16. Qe4 Qf5 17. Qxf5 exf5 18. Nxc6 Bxc6 19. Bxf5 Rfe8 20. h3 g6 21.
Bc2 h5 22. Bg5 Rxe1+ 23. Rxe1 Re8 24. Rxe8+ Bxe8 25. Be4 a5 26. a3 a4 27. Kf1
Kg7 28. h4 f6 29. Be3 Be7 30. Ke2 f5 31. Bd5 Bxh4 32. Kf3 Be7 33. Bd2 Kf6 34.
Bf4 g5 35. Bd2 g4+ 1/2-1/2

[Event "Politiken Cup 2011"]
[Site "Helsingor"]
[Date "2011.08.04"]
[Round "7.122"]
[White "Nielsen, Bjørn"]
[Black "Moller, Arne"]
[Result "0-1"]
[WhiteElo "1619"]
[BlackElo "1881"]
[PlyCount "94"]
[EventDate "2011.??.??"]
[WhiteTeam "KS"]
[BlackTeam "Amager"]

1. e4 c5 2. Nf3 d6 3. a3 Nc6 4. Bc4 e6 5. Ba2 Nf6 6. d3 Be7 7. c4 O-O 8. O-O a6
9. b3 b5 10. Nbd2 Bb7 11. cxb5 axb5 12. Bb2 e5 13. Nb1 Nd7 14. Nc3 b4 15. Nd5
bxa3 16. Nxe7+ Qxe7 17. Bc1 Nb4 18. Qe2 d5 19. exd5 Bxd5 20. Be3 Nxa2 21. Qxa2
Rfb8 22. Rfb1 e4 23. Ne1 exd3 24. Nxd3 Qe4 25. Ne1 Qe6 26. Qe2 Rxb3 27. Rxb3
Bxb3 28. Qf3 Bd5 29. Qd1 a2 30. Nd3 Bb3 31. Qc1 c4 32. Nf4 Qe5 33. Ne2 Nc5 34.
Qf1 Nd3 35. Bd4 Qd6 36. Bc3 Nb4 37. Nd4 Rd8 38. g3 Qc5 39. Nxb3 cxb3 40. Qe1
Nc2 41. Qe5 Qxe5 42. Bxe5 Nxa1 43. Bb2 Nc2 44. Kg2 a1=Q 45. Bxa1 Nxa1 46. g4 b2
47. Kg3 b1=Q 0-1

[Event "Politiken Cup 2011"]
[Site "Helsingor"]
[Date "2011.08.04"]
[Round "7.111"]
[White "Kyrkjebo, Marte B"]
[Black "Sjol, Henrik"]
[Result "0-1"]
[WhiteElo "1522"]
[BlackElo "1880"]
[PlyCount "78"]
[EventDate "2011.??.??"]
[WhiteTeam "Stavenger"]
[BlackTeam "Akademisk"]

1. e4 c6 2. d4 d5 3. e5 Bf5 4. Nf3 e6 5. Be2 c5 6. O-O Nc6 7. c3 Qb6 8. Nbd2
cxd4 9. cxd4 Nge7 10. Nb3 Be4 11. Nc5 Bxf3 12. Bxf3 Nxd4 13. Qxd4 Nc6 14. Qc3
Bxc5 15. Bf4 Bd4 16. Qe1 O-O 17. Rb1 Qc7 18. Qe2 Bxe5 19. Bxe5 Qxe5 20. Qb5 Nd4
21. Qd3 Nxf3+ 22. Qxf3 Rac8 23. Rfe1 Qd6 24. Qd3 Rc6 25. Re3 Rfc8 26. Rh3 Rc1+
27. Rxc1 Rxc1+ 28. Qf1 Rxf1+ 29. Kxf1 d4 30. Rd3 e5 31. f3 f5 32. Kf2 e4 33.
fxe4 fxe4 34. Rh3 Qf4+ 35. Ke2 d3+ 36. Ke1 Qc1+ 37. Kf2 d2 38. Ke3 d1=Q+ 39.
Kf2 Qe1# 0-1

[Event "Politiken Cup 2011"]
[Site "Helsingor"]
[Date "2011.08.04"]
[Round "7.136"]
[White "Larsen, Poul M"]
[Black "Frederiksen, Jens"]
[Result "0-1"]
[WhiteElo "1653"]
[BlackElo "1876"]
[PlyCount "96"]
[EventDate "2011.??.??"]
[WhiteTeam "Haslev"]
[BlackTeam "Caissa Woluwè"]

1. Nf3 Nc6 2. c4 Nf6 3. Nc3 e6 4. d4 d5 5. cxd5 Nxd5 6. e4 Nxc3 7. bxc3 Bd7 8.
g3 f6 9. Bg2 Qe7 10. O-O e5 11. d5 Na5 12. Nd2 b5 13. a4 Nc4 14. Nxc4 bxc4 15.
Ba3 Qf7 16. Bxf8 Qxf8 17. Qe2 Qc5 18. Rfb1 h5 19. Rb4 a5 20. Qxc4 Qa7 21. Rb2
Ke7 22. Qa2 Rab8 23. Rab1 Rxb2 24. Rxb2 Rb8 25. Rxb8 Qxb8 26. Bf1 Qb6 27. Bd3
Qc5 28. Qb3 c6 29. c4 Qd4 30. Bc2 Bh3 31. Qd3 Qxd3 32. Bxd3 cxd5 33. exd5 Kd6
34. f3 Bd7 35. Bc2 Kc5 36. Kf2 Kxc4 37. Ke3 Kxd5 38. Kd3 Bf5+ 39. Kc3 Bxc2 40.
Kxc2 Kc4 41. h3 Kb4 42. Kd3 Kxa4 43. Kc4 f5 44. Kd5 e4 45. fxe4 fxe4 46. Kxe4
Kb3 47. g4 hxg4 48. hxg4 a4 0-1

[Event "Politiken Cup 2011"]
[Site "Helsingor"]
[Date "2011.08.04"]
[Round "7.113"]
[White "Randlov, Carsten"]
[Black "Rasmussen, Jonas H"]
[Result "1/2-1/2"]
[WhiteElo "1872"]
[BlackElo "1598"]
[PlyCount "64"]
[EventDate "2011.??.??"]
[WhiteTeam "AS04"]
[BlackTeam "Bergen"]

1. d4 Nf6 2. c4 e6 3. Nc3 Bb4 4. Qc2 h6 5. Bf4 d6 6. Nf3 Nbd7 7. e3 O-O 8. Bd3
Re8 9. Rd1 Kh8 10. e4 Bxc3+ 11. Qxc3 b6 12. e5 dxe5 13. dxe5 Ng8 14. Bb1 Bb7
15. Qd3 Nf8 16. Qe3 Qe7 17. O-O Bxf3 18. Qxf3 Ng6 19. Rd4 Red8 20. Rfd1 Rxd4
21. Rxd4 Rd8 22. Rxd8 Qxd8 23. Bg3 Qd4 24. Qe2 Nf4 25. Bxf4 Qxf4 26. b3 Qc1+
27. Qf1 Qc3 28. f4 Qe3+ 29. Qf2 Qc1+ 30. Qf1 Qe3+ 31. Qf2 Qc1+ 32. Qf1 Qe3+
1/2-1/2

[Event "Politiken Cup 2011"]
[Site "Helsingor"]
[Date "2011.08.04"]
[Round "7.137"]
[White "Borg, Flemming"]
[Black "Hansen, Erik Friberg"]
[Result "1/2-1/2"]
[WhiteElo "1851"]
[BlackElo "1539"]
[PlyCount "26"]
[EventDate "2011.??.??"]
[WhiteTeam "Allerød"]
[BlackTeam "Ishøj"]

1. d4 d5 2. c4 e6 3. Nc3 Nf6 4. Bg5 Be7 5. Nf3 b6 6. e3 Bb7 7. Be2 Nbd7 8. O-O
O-O 9. Rc1 Rc8 10. cxd5 exd5 11. a3 a6 12. b4 b5 13. h3 h6 1/2-1/2

[Event "Politiken Cup 2011"]
[Site "Helsingor"]
[Date "2011.08.04"]
[Round "7.123"]
[White "Haukenes, Alise"]
[Black "Molvig, Julius"]
[Result "0-1"]
[WhiteElo "1595"]
[BlackElo "1842"]
[PlyCount "138"]
[EventDate "2011.??.??"]
[WhiteTeam "Hamar"]
[BlackTeam "Roskilde"]

1. d4 Nf6 2. Nf3 g6 3. c4 c5 4. Nc3 cxd4 5. Nxd4 Bg7 6. e4 d6 7. f3 O-O 8. Be3
Nbd7 9. Be2 Ne5 10. O-O Bd7 11. Qd2 Rc8 12. b3 Nc6 13. Rfd1 a6 14. Rac1 Nxd4
15. Bxd4 Ne8 16. Bxg7 Nxg7 17. Nd5 Bc6 18. Qg5 Bxd5 19. exd5 Qb6+ 20. Kh1 Rc7
21. Qd2 Rd7 22. Qd4 Qxd4 23. Rxd4 Nf5 24. Rd2 Rc7 25. Bd3 Ng7 26. Re1 Ra8 27.
Rde2 Kf8 28. Kg1 Nh5 29. g3 Nf6 30. g4 Re8 31. h3 Nd7 32. f4 Nc5 33. Bb1 b5 34.
f5 bxc4 35. fxg6 hxg6 36. bxc4 Rb8 37. Rf1 Kg7 38. h4 Rb4 39. Ref2 e5 40. dxe6
Nxe6 41. Bd3 Nc5 42. Be2 Ne4 43. Rg2 Nd2 44. Rd1 Nxc4 45. Bxc4 Rcxc4 46. Rxd6
a5 47. h5 Rxg4 48. hxg6 Rxg2+ 49. Kxg2 Rb2+ 50. Kf3 fxg6 51. Kf4 Rxa2 52. Rd7+
Kh6 53. Ra7 Ra1 54. Ke4 Kg5 55. Kd3 Kf4 56. Kc2 g5 57. Kb2 Ra4 58. Kb3 Rb4+ 59.
Kc3 Rb5 60. Rc7 g4 61. Kd2 Re5 62. Rf7+ Kg3 63. Rg7 a4 64. Ra7 Re4 65. Kd3 Rf4
66. Ke3 Rf3+ 67. Ke2 a3 68. Ke1 Kg2 69. Ra4 g3 0-1

[Event "Politiken Cup 2011"]
[Site "Helsingor"]
[Date "2011.08.04"]
[Round "7.138"]
[White "Meldal, Peter"]
[Black "Hjornevik, Asbjorn"]
[Result "0-1"]
[WhiteElo "1526"]
[BlackElo "1835"]
[PlyCount "82"]
[EventDate "2011.??.??"]
[WhiteTeam "Taastrup"]
[BlackTeam "Sandness"]

1. e4 e6 2. d4 d5 3. e5 c5 4. c3 Nc6 5. Nf3 Qb6 6. a3 Nge7 7. Be2 cxd4 8. cxd4
Nf5 9. b4 Nfxd4 10. Nxd4 Qxd4 11. Qxd4 Nxd4 12. Bd1 Be7 13. Nc3 a6 14. O-O O-O
15. Be3 Nc6 16. f4 d4 17. Bxd4 Nxd4 18. Ba4 b5 19. Bd1 Bb7 20. Bg4 Rac8 21. Ne2
Nc2 22. Ra2 Ne3 23. Bf3 Bxf3 24. Rxf3 Nd5 25. g3 Rc4 26. Rd2 Rfc8 27. f5 Rc2
28. Rxc2 Rxc2 29. Nd4 Rc1+ 30. Kg2 exf5 31. Nxf5 g6 32. Nd6 Bxd6 33. exd6 Rd1
34. d7 Nb6 35. Rf6 Nxd7 36. Rxa6 Rd2+ 37. Kh3 h5 38. a4 g5 39. axb5 f6 40. Rc6
g4+ 41. Kh4 Rxh2# 0-1

[Event "Politiken Cup 2011"]
[Site "Helsingor"]
[Date "2011.08.04"]
[Round "7.125"]
[White "Rasmussen, Henning"]
[Black "Kristensen, Lars Østergaard"]
[Result "1-0"]
[WhiteElo "1829"]
[BlackElo "1544"]
[PlyCount "105"]
[EventDate "2011.??.??"]
[WhiteTeam "Nykøbing Sjælland"]
[BlackTeam "Lyngby.Virum"]

1. d4 d5 2. c4 e6 3. Nc3 c5 4. cxd5 exd5 5. Nf3 Nc6 6. e3 Nf6 7. Be2 g6 8. O-O
Bg7 9. dxc5 O-O 10. Nd4 Re8 11. Rb1 Ne4 12. Nxe4 dxe4 13. Nxc6 bxc6 14. Qxd8
Rxd8 15. b3 a5 16. Bc4 Bg4 17. Bb2 Bf8 18. Bd4 Bh6 19. h3 Bf5 20. b4 Rxd4 21.
exd4 e3 22. Rb2 exf2+ 23. Kxf2 axb4 24. Rxb4 Re8 25. Re1 Rd8 26. Re7 Rxd4 27.
Bxf7+ Kf8 28. Rxd4 Kxe7 29. Bb3 Bg7 30. Rd1 Be5 31. a4 Bc8 32. Bc4 Bc7 33. Re1+
Kf8 34. Ke3 Ba5 35. Rf1+ Kg7 36. Kd4 Bf5 37. Bd3 Be6 38. Bc4 Bf5 39. Bb3 Bb4
40. g4 Bc8 41. Rf7+ Kh6 42. Rc7 Bxg4 43. hxg4 Kg5 44. Bd1 h5 45. gxh5 gxh5 46.
Bxh5 Kxh5 47. Rxc6 Kg5 48. Re6 Kf5 49. Re2 Kf6 50. c6 Ba5 51. Kc5 Bc7 52. Kb5
Kf7 53. a5 1-0

[Event "Politiken Cup 2011"]
[Site "Helsingor"]
[Date "2011.08.04"]
[Round "7.139"]
[White "Kyrkjebo, Hanna B"]
[Black "Nielsen, Palle"]
[Result "0-1"]
[WhiteElo "1518"]
[BlackElo "1824"]
[PlyCount "118"]
[EventDate "2011.??.??"]
[WhiteTeam "Stavanger"]
[BlackTeam "Helsingør"]

1. e4 c5 2. Nc3 Nc6 3. g3 g6 4. Bg2 Bg7 5. d3 e6 6. f4 a6 7. Nf3 b5 8. O-O Bb7
9. Be3 Nd4 10. e5 Qb6 11. Ne4 Bxe4 12. dxe4 Nxf3+ 13. Bxf3 Qc7 14. Qd2 Rd8 15.
Rad1 f6 16. exf6 Bxf6 17. e5 Be7 18. g4 b4 19. Qg2 Nh6 20. Qg3 Nf7 21. Rfe1 O-O
22. Be4 Kg7 23. Rd2 d5 24. exd6 Bxd6 25. Rf2 Ng5 26. Bd3 c4 27. Bf1 Ne4 28.
Bd4+ e5 29. Rxe4 exd4 30. Kh1 g5 31. Qh3 Bxf4 32. Kg1 Rf6 33. Rfe2 Be3+ 34. Kh1
Rdf8 35. Bg2 Rh6 36. Re7+ Qxe7 37. Qg3 Qd6 38. Qxd6 Rxd6 39. Re1 Rf2 40. Be4
Rh6 41. Bg2 Rxc2 42. Rb1 Rc1+ 43. Rxc1 Bxc1 44. b3 c3 45. Be4 Re6 46. Bd3 Bf4
47. Kg2 c2 48. Bxc2 Re2+ 49. Kf3 Rxc2 50. Ke4 Rxh2 51. Kxd4 Rxa2 52. Kc4 a5 53.
Kb5 Kf6 54. Kc4 Ke5 55. Kb5 Kd5 56. Kb6 Be3+ 57. Kb7 Kd6 58. Kc8 Rf2 59. Kd8
Rf8# 0-1

[Event "Politiken Cup 2011"]
[Site "Helsingor"]
[Date "2011.08.04"]
[Round "7.126"]
[White "Jacobsen, Caroline Beer"]
[Black "Andersen, Claus Nis"]
[Result "0-1"]
[WhiteElo "1586"]
[BlackElo "1811"]
[PlyCount "86"]
[EventDate "2011.??.??"]
[WhiteTeam "Stavanger"]
[BlackTeam "Rokaden"]

1. e4 c5 2. Nc3 d6 3. f4 Nc6 4. Bb5 Bd7 5. Nf3 e6 6. O-O Nge7 7. b3 d5 8. exd5
exd5 9. d4 cxd4 10. Nxd4 a6 11. Be2 Qb6 12. Be3 O-O-O 13. Na4 Qa7 14. Bf2 Qb8
15. Nb6+ Kc7 16. Nf3 Be6 17. c3 Nf5 18. Na4 Kd7 19. g4 g6 20. gxf5 gxf5 21. c4
Qxf4 22. cxd5 Ke8 23. Qc1 Rg8+ 24. Kh1 Qxc1 25. Raxc1 Bxd5 26. Rfd1 Ne5 27. Rc3
Nxf3 28. Re3+ Be7 29. Rxf3 Bxf3+ 30. Bxf3 Rxd1+ 31. Bxd1 Bd6 32. Bf3 b5 33. Nb6
Rg6 34. Bb7 Bc7 35. Nd5 Be5 36. Nb4 a5 37. Nc6 Bc7 38. Be1 Bb6 39. Bg3 f4 40.
Ne5 Rg7 41. Bc6+ Ke7 42. Nd7 Bd4 43. Bh4+ Kd6 0-1

[Event "Politiken Cup 2011"]
[Site "Helsingor"]
[Date "2011.08.04"]
[Round "7.127"]
[White "Larsen, Eigil"]
[Black "Lindgaard, Tobias"]
[Result "1-0"]
[WhiteElo "1811"]
[BlackElo "1434"]
[PlyCount "91"]
[EventDate "2011.??.??"]
[WhiteTeam "Nordkalotten"]
[BlackTeam "Ribe"]

1. e4 Nf6 2. e5 Nd5 3. d4 d6 4. Nf3 dxe5 5. Nxe5 c6 6. Bd3 g6 7. Qf3 Be6 8. c3
Nd7 9. O-O Bg7 10. Qg3 O-O 11. Nd2 Qc7 12. Ndf3 N7f6 13. Qh4 Nh5 14. Bd2 Bf6
15. Bg5 Bg7 16. Ng4 Ndf4 17. Bc2 f6 18. Bxf4 Qxf4 19. Ne3 Qd6 20. Qe4 Nf4 21.
Nd2 g5 22. Qxh7+ Kf7 23. Nf5 Bxf5 24. Qxf5 Rh8 25. g3 Rag8 26. gxf4 gxf4 27.
Qg6+ Kf8 28. Bb3 Bh6 29. Bxg8 Rxg8 30. Qxg8+ Kxg8 31. f3 e5 32. Ne4 Qe7 33.
dxe5 fxe5 34. Rad1 Qc7 35. Kh1 Qf7 36. b3 Kf8 37. Rd8+ Ke7 38. Rfd1 Qh5 39.
R8d7+ Kf8 40. Rd8+ Ke7 41. R1d7+ Ke6 42. Rd6+ Ke7 43. R8d7+ Kf8 44. Kg2 Bg5 45.
Re6 Bh4 46. Nd6 1-0

[Event "Politiken Cup 2011"]
[Site "Helsingor"]
[Date "2011.08.04"]
[Round "7.140"]
[White "Nielsen, Peter"]
[Black "Jorgensen, Jens A. L"]
[Result "1-0"]
[WhiteElo "1802"]
[BlackElo "1264"]
[PlyCount "65"]
[EventDate "2011.??.??"]
[WhiteTeam "Enkeltmedlem"]
[BlackTeam "Viby"]

1. d4 e6 2. Nf3 b6 3. e4 Bb7 4. Bd3 c5 5. c3 d5 6. exd5 Bxd5 7. O-O c4 8. Bc2
Nf6 9. Bg5 Be7 10. Nbd2 h6 11. Bh4 Nbd7 12. Qe2 b5 13. a4 b4 14. cxb4 Rc8 15.
b5 c3 16. bxc3 Rxc3 17. Bd3 Qc8 18. Ne5 g5 19. Bg3 Nxe5 20. dxe5 Nd7 21. Ne4
Rxd3 22. Qxd3 Qb7 23. f3 g4 24. Rac1 gxf3 25. gxf3 Rg8 26. Kh1 Rg4 27. Nd6+
Bxd6 28. exd6 Rxa4 29. Rc7 Qa8 30. Kg2 Ra2+ 31. Kh3 Nb6 32. Qh7 Nd7 33. Rxd7
1-0

[Event "Politiken Cup 2011"]
[Site "Helsingor"]
[Date "2011.08.04"]
[Round "7.128"]
[White "Gupta, Sudhir Kumar"]
[Black "Rasmussen, Arne"]
[Result "1-0"]
[WhiteElo "1791"]
[BlackElo "1409"]
[PlyCount "57"]
[EventDate "2011.??.??"]
[WhiteTeam "Stavanger"]
[BlackTeam "Ishøj"]

1. d4 Nf6 2. Nf3 g6 3. g3 Bg7 4. Bg2 O-O 5. O-O d6 6. c4 c5 7. e3 Na6 8. Nc3
Nc7 9. a4 Rb8 10. Nb5 Nxb5 11. axb5 a6 12. Qb3 axb5 13. Qxb5 Bd7 14. Qb3 b5 15.
Rd1 bxc4 16. Qxc4 Bb5 17. Qc2 Qb6 18. Bd2 Bd7 19. dxc5 Qxc5 20. Qxc5 dxc5 21.
Bc3 Bf5 22. Ra7 e6 23. Ne5 Rfd8 24. Rda1 Rf8 25. Nc6 Rb6 26. Ne7+ Kh8 27. Nxf5
exf5 28. Ra8 Ne4 29. Rxf8# 1-0

[Event "Politiken Cup 2011"]
[Site "Helsingor"]
[Date "2011.08.04"]
[Round "7.141"]
[White "Abildgaard, Kim"]
[Black "Nielsen, Leo"]
[Result "1-0"]
[WhiteElo "1446"]
[BlackElo "1775"]
[PlyCount "115"]
[EventDate "2011.??.??"]
[WhiteTeam "Dragsholm"]
[BlackTeam "Helsingør"]

1. e4 c5 2. Nc3 Nc6 3. Bc4 e6 4. Nf3 a6 5. a4 Na5 6. Be2 d5 7. d4 cxd4 8. Nxd4
Bb4 9. Nf3 Nc6 10. exd5 exd5 11. Bd2 Nf6 12. O-O h6 13. Na2 Bd6 14. Bc3 O-O 15.
b3 Ng4 16. g3 Be6 17. Nd4 Nge5 18. Re1 Bc5 19. Nxc6 Nxc6 20. Qc1 d4 21. Bd2 Qf6
22. Bd3 Ne5 23. Re4 Bd5 24. Rf4 Nf3+ 25. Kf1 Nxh2+ 26. Kg1 Nf3+ 27. Kf1 Qe6 28.
c4 Qh3+ 29. Ke2 Rae8+ 30. Kd1 Nxd2 31. Kxd2 Bc6 32. Kc2 b5 33. cxb5 axb5 34.
Kb2 Qh5 35. Rf5 Re2+ 36. Kb1 Qg6 37. Qxc5 Re1+ 38. Nc1 Qe6 39. Kb2 bxa4 40.
bxa4 Rb8+ 41. Bb5 Bxb5 42. axb5 Rc8 43. Qd5 Re2+ 44. Ka3 Qe7+ 45. Ka4 Rb2 46.
Nb3 Rbc2 47. Na5 Rb2 48. Qxd4 Re2 49. f3 Ra8 50. Rd5 Re3 51. Qc5 Qf6 52. Ra3
Rxa3+ 53. Qxa3 Qg6 54. Qd3 Qf6 55. Qd4 Qe7 56. Rd7 Qg5 57. Qd5 Qg6 58. Qxa8+
1-0

[Event "Politiken Cup 2011"]
[Site "Helsingor"]
[Date "2011.08.04"]
[Round "7.129"]
[White "Rasmussen, Ole"]
[Black "Ostby, Martin Bergsjo"]
[Result "1-0"]
[WhiteElo "1769"]
[BlackElo "1288"]
[PlyCount "127"]
[EventDate "2011.??.??"]
[WhiteTeam "Hillerød"]
[BlackTeam "Oslo Schackselskab"]

1. e4 e5 2. Nf3 Nc6 3. Bb5 a6 4. Ba4 Nf6 5. O-O d6 6. Re1 b5 7. Bb3 Be7 8. c3
Na5 9. Bc2 c5 10. d4 Qc7 11. d5 Bg4 12. b3 O-O 13. Nbd2 c4 14. b4 Nb7 15. h3
Bh5 16. Nf1 Nd7 17. Ng3 Bg6 18. Be3 a5 19. a3 Nb6 20. h4 h6 21. h5 Bh7 22. Qd2
Bf6 23. Nh2 Nd7 24. Qe2 Be7 25. Ng4 Nf6 26. Nxf6+ Bxf6 27. Qg4 Qc8 28. Nf5 Bxf5
29. exf5 Kh8 30. Be4 Qd8 31. Kh1 Bg5 32. Rac1 axb4 33. axb4 Ra3 34. f4 exf4 35.
Bxf4 Bxf4 36. Qxf4 Qf6 37. Re3 Rfa8 38. g3 Rb3 39. Bg2 Rf8 40. Qf3 Ra3 41. Qe4
Raa8 42. Qe7 Qxe7 43. Rxe7 Nd8 44. Rce1 f6 45. Rd7 Ra6 46. Ree7 Rg8 47. g4 Kh7
48. Be4 Ra1+ 49. Kg2 Ra6 50. Kf3 Rb6 51. Ke3 Ra6 52. Kd4 Rb6 53. Ra7 Kh8 54. g5
hxg5 55. h6 Kh7 56. hxg7 Rb8 57. Bf3 Kh6 58. Ra1 g4 59. Bxg4 Kg5 60. Rg1 Nb7
61. Bh3+ Kh6 62. Re4 Kh5 63. Bg4+ Kh6 64. Be2 1-0

[Event "Politiken Cup 2011"]
[Site "Helsingor"]
[Date "2011.08.04"]
[Round "7.130"]
[White "Elzubeir, Omar"]
[Black "Nordstrom, Håkon Namtved"]
[Result "0-1"]
[WhiteElo "1497"]
[BlackElo "1768"]
[PlyCount "124"]
[EventDate "2011.??.??"]
[WhiteTeam "Frederiksværk"]
[BlackTeam "Fanø Sjakklubb"]

1. e4 e6 2. Nf3 d5 3. exd5 exd5 4. Bb5+ c6 5. Be2 Nf6 6. d4 Bd6 7. Bg5 Bg4 8.
Ne5 Bxe2 9. Qxe2 O-O 10. O-O Re8 11. f4 Nbd7 12. Qf3 Qb6 13. Qc3 Nxe5 14. fxe5
Ne4 15. Qe3 Nxg5 16. Qxg5 Qxd4+ 17. Kh1 Rxe5 18. c3 Qc4 19. Qc1 Rh5 20. h3 Qe2
21. Rf3 Qe5 22. Qg1 Qe2 23. Qf2 Qd1+ 24. Qf1 Qxf1+ 25. Rxf1 Re8 26. Nd2 Rhe5
27. Nf3 Re2 28. Rae1 Rxe1 29. Rxe1 Rxe1+ 30. Nxe1 f6 31. Nf3 Kf7 32. Kg1 Ke6
33. Kf1 Kf5 34. Nd4+ Ke5 35. Ke2 Bc5 36. Nf3+ Kf4 37. b4 Bb6 38. a4 a5 39. Ne1
axb4 40. cxb4 Ke4 41. Nd3 Kd4 42. Kd2 Kc4 43. Kc2 Bd4 44. g4 Bc3 45. b5 cxb5
46. axb5 d4 47. h4 Kxb5 48. Kb3 Kc6 49. Nf4 Kd6 50. Kc4 Ke5 51. Nd3+ Ke4 52.
Nc5+ Kf4 53. Ne6+ Kxg4 54. Nxg7 b5+ 55. Kd3 b4 56. Kc2 Kf3 57. Nh5 Ke3 58. Ng3
d3+ 59. Kd1 b3 60. Nf1+ Kf2 61. Nd2 Bxd2 62. Kxd2 b2 0-1